000 00846cam a2200277 i 4500
001 768714001
003 CO-MdBIC
005 20231124085711.0
008 231124b1949 -us||||| |||| 00| 0 eng d
040 _bspa.
_aCO-MdFUSB
_cCO-MdFUSB
_dCO-MdFUSBC
_erda
041 _aeng
082 0 4 _aG 231 B8972c
100 1 _aBrunner, Emil
245 1 0 _aThe christian doctrine of God dogmatics / Emil Brunner ; Olive Wyon, Traductor
_c/
260 _aPhiladelphia, USA : Westminster
264 1 _aPhiladelphia, USA : Westminster
_bThe Westminster Press,
_c[1949]
264 4 _c©1949
300 _aXI, 361 Pag
_c;
336 _atexto
_btxt
_2rdacontent
337 _2rdamedia
_asin mediación
_bn
338 _2rdacarrier
_avolumen
_bnc
650 7 _aDios
_9178
650 7 _aTeología dogmática
_2embne
_96937
942 _cBK
945 _ajohan1477
999 _c34363
_d34363